|
|
|
|
| LEADER |
00840nam a2200277 4500 |
| 001 |
DLU050049764 |
| 040 |
# |
# |
|a DLU
|b vie
|
| 041 |
# |
# |
|a vie
|
| 044 |
# |
# |
|a vn
|
| 100 |
# |
# |
|a Bùi Xuân Phương, A.L. MonastyrskII
|
| 245 |
# |
# |
|a Thành phần loài và mức độ phong phú của khu hệ bướm ngày ở vườn quốc gia Ba Vì, tỉnh Hà Tây /
|c Bùi Xuân Phương, A.L. MonastyrskII
|
| 653 |
# |
# |
|a Bướm
|
| 653 |
# |
# |
|a Côn trùng
|
| 653 |
# |
# |
|a Hà Tây
|
| 773 |
# |
# |
|t Tạp chí Sinh học
|g Số 3, 2003, tr.43-52
|
| 920 |
# |
# |
|a Phòng Tạp chí -- Trung tâm Thông tin - Thư viện Trường Đại học Đà Lạt
|
| 933 |
# |
# |
|a SH
|
| 994 |
# |
# |
|a DLU
|
| 900 |
# |
# |
|a True
|
| 911 |
# |
# |
|a Nguyễn Thị Yên
|
| 925 |
# |
# |
|a G
|
| 926 |
# |
# |
|a A
|
| 927 |
# |
# |
|a BB
|
| 980 |
# |
# |
|a Thư viện Trường Đại học Đà Lạt
|